ARRUPE JESUIT UNIVERSITY

CORONAVIRUS -STOP THE SPREAD - CLEAN,DISINFECT,COVER

The Morality of abortion (Record no. 67179)

MARC details
000 -LEADER
fixed length control field 00467nam a2200193Ia 4500
003 - CONTROL NUMBER IDENTIFIER
control field 0100
008 - FIXED-LENGTH DATA ELEMENTS--GENERAL INFORMATION
fixed length control field 130303s9999 xx 000 0 und d
040 ## - CATALOGING SOURCE
Transcribing agency ARRUPELIB
050 ## - LIBRARY OF CONGRESS CALL NUMBER
Classification number HQ766.3.N615
300 ## - PHYSICAL DESCRIPTION
Other physical details 23 cm
245 #4 - TITLE STATEMENT
Title The Morality of abortion
245 ## - TITLE STATEMENT
Remainder of title legal and historical perspectives
260 ## - PUBLICATION, DISTRIBUTION, ETC. (IMPRINT)
Place of publication, distribution, etc Cambridge
260 ## - PUBLICATION, DISTRIBUTION, ETC. (IMPRINT)
Name of publisher, distributor, etc Havard University Press
260 ## - PUBLICATION, DISTRIBUTION, ETC. (IMPRINT)
-- 1970
300 ## - PHYSICAL DESCRIPTION
Extent 276p.
700 ## - ADDED ENTRY--PERSONAL NAME
Personal name Noonan, John T. (ed.)
942 ## - ADDED ENTRY ELEMENTS (KOHA)
Source of classification or shelving scheme Library of Congress Classification
Koha issues (borrowed), all copies 2
Holdings
Withdrawn status Lost status Source of classification or shelving scheme Damaged status Not for loan Collection code Home library Current library Shelving location Date acquired Total Checkouts Full call number Barcode Date last seen Date checked out Copy number Price effective from Koha item type
    Library of Congress Classification     Main Collection ARRUPE LIBRARY ARRUPE LIBRARY   05/03/2013 2 HQ766.3.N615 46004003461 09/05/2018 15/10/2014 1 05/03/2013 Monograph ( Printed materials)

 

Arrupe Library. PO Box MP320 Mt Pleasant, Harare, Zimbabwe
263 242 745411|librarian@aju.ac.zw